Life and voyages of Christopher Columbus / (Record no. 33822)
[ view plain ]
| 000 -CABECERA | |
|---|---|
| campo de control de longitud fija | 00436nam a2200145 a 4500 |
| 001 - NÚMERO DE CONTROL | |
| campo de control | 000034331 |
| 005 - FECHA Y HORA DE LA ÚLTIMA TRANSACCIÓN | |
| campo de control | 20200930073637.0 |
| 008 - DATOS DE LONGITUD FIJA--INFORMACIÓN GENERAL | |
| campo de control de longitud fija | 111003s1866 enk 000 0 spa d |
| 040 ## - FUENTE DE LA CATALOGACIÓN | |
| Centro catalogador/agencia de origen | DO-SdBNP |
| Lengua de catalogación | spa |
| Centro/agencia transcriptor | BNPHU |
| 082 ## - NÚMERO DE LA CLASIFICACIÓN DECIMAL DEWEY | |
| Número de clasificación | xxx |
| 100 1# - ENTRADA PRINCIPAL--NOMBRE DE PERSONA | |
| Nombre de persona | Irving, Washington, |
| Fechas asociadas al nombre | 1783-1859. |
| 9 (RLIN) | 11986 |
| 245 10 - MENCIÓN DE TÍTULO | |
| Título | Life and voyages of Christopher Columbus / |
| Mención de responsabilidad, etc. | Washington Irving. |
| 260 ## - PUBLICACIÓN, DISTRIBUCIÓN, ETC. | |
| Lugar de publicación, distribución, etc. | Londres : |
| Nombre del editor, distribuidor, etc. | William Tegg, |
| Fecha de publicación, distribución, etc. | 1866. |
| 300 ## - DESCRIPCIÓN FÍSICA | |
| Extensión | xvi, 367 p. ; |
| Dimensiones | 15 cm. |
| Estado de retiro | Estado de pérdida | Restricciones de uso | No para préstamo | Código de colección | Localización permanente | Ubicación/localización actual | Ubicación en estantería | Fecha de adquisición | Número de inventario | Total de préstamos | Signatura topográfica completa | Código de barras | Fecha visto por última vez | Precio válido a partir de | Tipo de ítem Koha |
|---|---|---|---|---|---|---|---|---|---|---|---|---|---|---|---|
| Monografías: Libros y Folletos | General | General | Orden iniciada | 03.10.2011 | LF1 | xxx | 34331-10 | 25.06.2020 | 25.06.2020 | No se presta |
